Official Languages of Countries #1 - Statistics

General Stats
  • This quiz has been taken 44 times
    22 since last reset
  • The average score is 13 of 20
Answer Stats
Country Language % Correct
Switzerland French
100%
Switzerland German
100%
China Mandarin
100%
Egypt Arabic
95%
Samoa English
95%
Trinidad and Tobago English
95%
China English
95%
Saint Kitts and Nevis English
95%
China Cantonese
90%
Switzerland Italian
90%
Samoa Samoan
81%
Switzerland Romansh
67%
China Mongolian
48%
China Korean
38%
China Tibetan
38%
China Uyghur
33%
China Portuguese
24%
China Yi
10%
China Zhuang
10%
China Kazhak
5%
No matching quizzes found
Score Distribution
Percent of People with Each Score
Percentile by Number Answered
Your Score History
You have not taken this quiz since the last reset